Critical Perspectives on Democracy (Record no. 18622)
[ view plain ]
| 000 -LEADER | |
|---|---|
| fixed length control field | 00616nam a2200217Ia 4500 |
| 003 - CONTROL NUMBER IDENTIFIER | |
| control field | 0100 |
| 008 - FIXED-LENGTH DATA ELEMENTS--GENERAL INFORMATION | |
| fixed length control field | 130303s9999 xx 000 0 und d |
| 040 ## - CATALOGING SOURCE | |
| Transcribing agency | ARRUPELIB |
| 050 ## - LIBRARY OF CONGRESS CALL NUMBER | |
| Classification number | JC423.C7471994 |
| 100 ## - MAIN ENTRY--PERSONAL NAME | |
| Personal name | Legters, Lyman (ed) |
| 245 ## - TITLE STATEMENT | |
| Title | Critical Perspectives on Democracy |
| 260 ## - PUBLICATION, DISTRIBUTION, ETC. (IMPRINT) | |
| Place of publication, distribution, etc | Lanham, Maryland |
| 260 ## - PUBLICATION, DISTRIBUTION, ETC. (IMPRINT) | |
| Name of publisher, distributor, etc | Rowman Littlefield Publishers, Inc |
| 260 ## - PUBLICATION, DISTRIBUTION, ETC. (IMPRINT) | |
| -- | 1994 |
| 300 ## - PHYSICAL DESCRIPTION | |
| Extent | 173p |
| 650 ## - SUBJECT ADDED ENTRY--TOPICAL TERM | |
| Topical term following geographic name as entry element | Catholic Church--Kenya--Pastoral letters |
| 650 ## - SUBJECT ADDED ENTRY--TOPICAL TERM | |
| Location of event | Christian sociology--Catholic Church |
| 650 ## - SUBJECT ADDED ENTRY--TOPICAL TERM | |
| Active dates | Christian sociology--Kenya |
| 700 ## - ADDED ENTRY--PERSONAL NAME | |
| Personal name | Burke, John P.DiQuattro, Arthur |
| 942 00 - ADDED ENTRY ELEMENTS (KOHA) | |
| Koha issues (borrowed), all copies | 1 |
| Withdrawn status | Lost status | Source of classification or shelving scheme | Damaged status | Not for loan | Collection code | Home library | Current library | Shelving location | Date acquired | Total Checkouts | Full call number | Barcode | Date last seen | Date checked out | Copy number | Price effective from | Koha item type |
|---|---|---|---|---|---|---|---|---|---|---|---|---|---|---|---|---|---|
| Library of Congress Classification | Main Collection | ARRUPE LIBRARY | ARRUPE LIBRARY | 04/03/2013 | 2 | JC423.C7471994 | 46003050591 | 29/06/2018 | 26/09/2017 | 1 | 04/03/2013 | Monograph ( Printed materials) |